Les exploitations agricoles en France
Đã lưu trong:
| 主要作者: | |
|---|---|
| 格式: | 圖書 |
| 語言: | Undetermined |
| 出版: |
Paris
Presses universitaires de France
1971
|
| 主題: | |
| 標簽: |
添加標簽
沒有標簽, 成為第一個標記此記錄!
|
| Thư viện lưu trữ: | Trung tâm Học liệu Trường Đại học Cần Thơ |
|---|
| LEADER | 00523nam a2200193Ia 4500 | ||
|---|---|---|---|
| 001 | CTU_82886 | ||
| 008 | 210402s9999 xx 000 0 und d | ||
| 082 | |a 332 | ||
| 082 | |b M225 | ||
| 100 | |a Mainié, Philippe | ||
| 245 | 0 | |a Les exploitations agricoles en France | |
| 245 | 0 | |c Philippe Mainié | |
| 260 | |a Paris | ||
| 260 | |b Presses universitaires de France | ||
| 260 | |c 1971 | ||
| 650 | |a Family farms | ||
| 650 | |z France | ||
| 904 | |i QHieu(sửa) | ||
| 980 | |a Trung tâm Học liệu Trường Đại học Cần Thơ | ||